000 00698cam a2200241 4500500
005 20260329005114.0
041 _afre
042 _adc
100 1 0 _aPerragin, Charles
_eauthor
245 0 0 _aLe moteur à explosion a-t-il fait long feu ?
260 _c2022.
500 _a67
690 _aAccélération
690 _aÉnergie
690 _aEurope
690 _aLiberté
690 _aMouvement
690 _aPeter Sloterdijk
690 _aUnion Européenne
690 _aVoiture
786 0 _nPhilosophie magazine | 161 | 8 | 2022-07-01 | p. 10-10 | 1951-1787
856 4 1 _uhttps://shs.cairn.info/magazine-philosophie-magazine-2022-8-page-10?lang=fr&redirect-ssocas=7080
999 _c1840346
_d1840346